00550nam a2200145Ia 4500008004100000020001900041082001800060100006300078245007300141260002700214300001000241942001200251999001900263952012200282210430s9999 xx 000 0 und d a978-0824792367 a665.5 A6271 C aGeorge J.Antos, Abdullah M. Aitani, Jose M. Parera9127017 aCatalytic Naphtha Reforming Science and Technology /cGeorge J.Antos aNew YorkbDekkerc1995 a516 p cBK2ddc c565025d565025 001040708NFICaSCMEbSCMEcGENd0005-05-14l1m1o665.5 A6271 CpSCME-4312r2024-10-10s2021-05-05w2021-04-30yBK